00668nam a2200181 i 450000100060000000300090000600500170001500700030003200800410003510000300007624501260010626000340023230000220026670000270028885200320031599900170034795201220036490766ES-MaACL20230906180544.0t|050124s1965 sp ||||1| spa d1 aLeclercq, Jacques.97109410aDerechos y deberes del hombre, según el derecho natural / cJacques Leclercq ; [versión castellana de Alejandro Ros]. aBarcelona : bHerder, c1965. a479 p. ; c22 cm.1 aRos, Alejandro.999564 aES-MaACLjC-27436 bR.56330 c90766d90766 00104070aATENEOMbATENEOMcDEPO2d2008-01-17eSCl0oC-27436p1094771r2023-02-23 00:00:00w2023-02-23yMONOGRAFIA